Once Upon a Time Trivia - Statistics

General Stats
  • This quiz has been taken 2,514 times
    2,513 since last reset
  • The average score is 9 of 13
Answer Stats
Hint Answer % Correct
What is Henry's father's name? Neil
96%
What town in Maine do the characters live in? Storybrooke
95%
What position does Regina Mills hold there? Mayor
91%
What was Sleeping Beauty's name? Aurora
74%
What did Henry eat at then end of season 1 that put him to sleep? Apple turnover
72%
What does Grumpy help sell on Miner's Day? Candles
72%
What was the former sheriff's name? Graham
65%
Who plays Emma Swan? Jennifer Morrison
63%
What did Emma and August come through that was carved by Gepetto? The wardrobe
63%
Who does Belle currently think she is? Lacey
55%
What is August's last name? Booth
53%
What is Mr. Gold's most prized possession? Chipped cup
50%
Where were Emma and Henry's father going to live? (the town) Tallahassee
43%
No matching quizzes found
Score Distribution
Percent of People with Each Score
Percentile by Number Answered
Your Score History
You have not taken this quiz since the last reset